Biblioteca

Comentario bíblico histórico (Registro nro. 44512)

Detalles MARC
000 -LÍDER
Campo fijo de descripción fija 02425aam a2200445 i 4500
001 - NÚMERO DE CONTROL
Campo de control 768714001
003 - IDENTIFICADOR DEL NÚMERO DE CONTROL
Campo de control CO-MdFUSB
005 - FECHA Y HORA DE LA ULTIMA TRANSACCIÓN
control field 20240919143631.0
007 - CAMPO FIJO DE DESCRIPCIÓN FIJA--INFORMACIÓN GENERAL
Campo fijo de descripción fija ta
007 - CAMPO FIJO DE DESCRIPCIÓN FIJA--INFORMACIÓN GENERAL
Campo fijo de descripción fija cr aa aaaaa
008 - ELEMENTOS DE LONGITUD FIJA -- INFORMACIÓN GENERAL
Campo fijo de descripción fija -- Información general 200717b ||||| |||| 00| 0 eng d
020 ## - NÚMERO INTERNACIONAL NORMALIZADO PARA LIBROS
Número Internacional Normalizado del libro 9788482674629
Información adicional impreso
020 ## - NÚMERO INTERNACIONAL NORMALIZADO PARA LIBROS
Número Internacional Normalizado del libro 9788482676807
Información adicional electrónico
040 ## - FUENTE DE CATALOGACIÓN
Idioma de catalogación spa.
Agencia de catalogación original CO-MdFUSB
Agencia que realiza la transcripción CO-MdFUSB
Agencia que realiza la modificación CO-MdFUSBC
Convenciones de la descripción rda
041 0# - CÓDIGO DE IDIOMA
Código de idioma para texto/pista de sonido o título separado spa
082 04 - NÚMERO DE CLASIFICACIÓN DECIMAL DEWEY
Número de clasificación R 220.7
Número de la edición del Dewey E22c
100 1# - ASIENTO PRINCIPAL--NOMBRE PERSONAL
Nombre personal Edersheim, Alfred, (1825-1889)
Término relacionador autor
245 ## - TÍTULO
Título del Material Comentario bíblico histórico
Mención de responsabilidad, etc. / Alfred Edersheim ; traducido por: George Peter Grayling y Xavier Vila
Medio físico [Físico y electrónico]
264 #1 - PRODUCCIÓN, PUBLICACIÓN, DISTRIBUCIÓN, MANUFACTURA, Y COPYRIGHT
Lugar de producción, publicación, distribución, manufactura Barcelona :
Nombre del productor, publicador, distribuidor Clie,
Fecha de producción, publicación, distribución, manufactura, o copyright [2009]
264 #4 - PRODUCCIÓN, PUBLICACIÓN, DISTRIBUCIÓN, MANUFACTURA, Y COPYRIGHT
Fecha de producción, publicación, distribución, manufactura, o copyright © 2009
300 ## - DESCRIPCIÓN FÍSICA
Extensión 1411 páginas.
Dimensiones ;
336 ## - TIPO DE CONTENIDO
Fuente rdacontent
Término de tipo de contenido texto
Código de tipo de contenido txt
337 ## - TIPO DE MEDIO
Fuente rdamedia
Nombre del tipo de medio sin mediación
Código del tipo de medio n
337 ## - TIPO DE MEDIO
Fuente rdamedia
Nombre del tipo de medio informático
Código del tipo de medio c
338 ## - TIPO DE SOPORTE
Fuente rdacarrier
Nombre del tipo de soporte volumen
Código Tipo de soporte nc
338 ## - TIPO DE SOPORTE
Fuente rdacarrier
Nombre del tipo de soporte remoto
Código Tipo de soporte cr
500 ## - NOTA GENERAL
Nota General Incluye índice analítico general e índice de autores citados en la obra
501 ## - NOTA DE “CON”
Nota de Contenido pasta dura
505 ## - NOTA DE CONTENIDO
Nota de contenido con formato preestablecido La creación, el diluvio y los patriarcas -- El Éxodo y la travesía por el desierto -- Israel en Canaán bajo Josué y los Jueces -- Israel en Canaán bajo Samuel. Saúl y David -- La historia de Judá e Israel desde el nacimiento de Salomón hasta el reinado de Acab -- La historia de Israel y Judá desde el reinado de Acab hasta la decadencia de los dos reinos -- La historia de Israel y Judá desde la decadencia de los dos reinos hasta la cautividad en Asiria y Babilonia\ Periodo intertestamentario: la preparación para el evangelio: el mundo judío en los días de Cristo\ Nuevo Testamento: desde el pesebre de Belén al bautismo en el Jordán -- Del Jordán al monte de la transfiguración -- Desde el monte de la transfiguración al valle de la humillación y la muerte -- La cruz y la corona -- Apéndices al Nuevo Testamento
506 ## - NOTA DE RESTRICCIONES DE ACCESO
Condiciones de acceso Préstamo en biblioteca del libro físico
506 ## - NOTA DE RESTRICCIONES DE ACCESO
Condiciones de acceso Solicitar clave y usuario para acceder al libro electrónico.
506 ## - NOTA DE RESTRICCIONES DE ACCESO
Condiciones de acceso Libro multiusuario.
563 ## - NOTA DE ENCUADERNACIÓN
Nota de encuadernación Rùstico
650 #0 - ASIENTO SECUNDARIO DE MATERIA - TERMINO TEMÁTICO
Término temático o nombre geográfico como elemento de entrada Biblia
9 (RLIN) 16
653 ## - TÉRMINO DE INDIZACIÓN - NO CONTROLADO
Término no controlado Historia
856 ## - LOCALIZACIÓN Y ACCESO ELECTRÓNICOS
Numero de Acceso 2168323
Identificador Uniforme del Recurso <a href="http://search.ebscohost.com/login.aspx?direct=true&scope=site&db=nlebk&db=nlabk&AN=2168323">http://search.ebscohost.com/login.aspx?direct=true&scope=site&db=nlebk&db=nlabk&AN=2168323</a>
Nota dirigida al público <a href="Abrir Versión electrónica del libro Comentario bíblico histórico ">Abrir Versión electrónica del libro Comentario bíblico histórico </a>
942 ## - TIPO DE MATERIAL (KOHA)
Tipo de Item KOHA Libros General
945 ## - INFORMACIÓN LOCAL DEL REGISTRO
Catalogador JTF-925
Existencias
Estado de Material Estado de Perdido Forma de Clasificación Estado de Dañado No para Préstamo Colección Tomo Biblioteca de Origen Biblioteca Permanente Fecha de Adquisición Área Total de Préstamos Signatura Topográfica Código de Barras Última vez visto Última vez Préstado Ejemplar/Existencia Fecha de Remplazo Tipo de Material Url Nota Pública
    Dewey Decimal Classification     Colección de Referencia   Biblioteca FUSBC Biblioteca FUSBC 17/09/2024 BIBLIA 1 R 220.7 E22c 17984 08/10/2025 28/08/2019 Ej. 1 26/01/2016 Libros de Referencia    
    Dewey Decimal Classification     Colección Libros Electrónicos   Biblioteca FUSBC Biblioteca FUSBC 17/07/2020 BIBLIA     ID2168323 17/07/2020   Ej.1 17/07/2020 Libro electrónico https://bit.ly/2WvjVLq LIBRO ELECTRÓNICO - Seguir el link de acceso
    Dewey Decimal Classification     Colección de Referencia   Biblioteca FUSBC Biblioteca FUSBC 17/09/2024 BIBLIA   R 220.7 E22c 25413 11/02/2026   Ej. 2 26/01/2016 Libros de Referencia    

Biblioteca FUSBC | Teléfono: (57+4) 349 88 10 Ext. 141| WhatsApp (+57) 3005338115 
E-mail: biblioteca@unisbc.edu.co | Calle 76 87-14 Robledo Palenque, Medellín, Colombia

Con tecnología Koha